| 000 | 00000nam##2200000za#4500 |
| 001 | 9.673440 |
| 003 | CaOODSP |
| 005 | 20210615131611 |
| 007 | ta |
| 008 | 150407|2011||||xxc||||| f|0| 0 fre|d |
| 020 | |a978-1-100-54227-0 |
| 040 | |aCaOODSP|bfre |
| 041 | |aeng |
| 041 | |afre |
| 043 | |an-cn--- |
| 086 | 1 |aR3-111/2012 |
| 110 | 1 |aCanada. |bAffaires autochtones et développement du Nord Canada. |
| 245 | 10|aConsultation et accommodement des Autochtones : |blignes directrices actualisées à l'intention des fonctionnaires fédéraux pour respecter l'obligation de consulter |
| 260 | |aOttawa - Ontario : |bAffaires autochtones et Développement du Nord Canada |cMars 2011. |
| 300 | |aTexte français, 74p. : |bfigures ; |c28 cm. |
| 520 | 3 |aA pour objet de fournir aux ministères et aux organismes fédéraux des conseils et des indications pratiques concernant l’obligation légale de la Couronne de consulter les groupes autochtones et, s’il y a lieu, d’accommoder leurs intérêts. |
| 563 | |aReliure à anneaux |
| 590 | |a12-19|b2012-05-11 |
| 691 | 07|aDroits des autochtones|2gcpds |
| 691 | 07|aConsultation|2gcpds |
| 776 | 0#|tConsultation et accommodement des Autochtones : |w(CaOODSP)9.640012 |
| 776 | 0#|tAboriginal consultation and accommodation : |w(CaOODSP)9.695892 |
| 791 | |tAboriginal consultation and accommodation : |eeng|w(CaOODSP)9.673439 |
| 986 | |aQS-7105-002-BB-A1 |